[Event "ESP-chT Div I 2018"]
[Site "Linares"]
[Date "2018.08.10"]
[Round "5"]
[White "Garcia-Castany Musellas, Gal la"]
[Black "Cano Sanchez, Josue"]
[Result "0-1"]
[WhiteElo "2203"]
[BlackElo "2312"]
[Annotator "NA"]
[PlyCount "104"]
[EventDate "2018.08.06"]
[EventType "team-tourn"]
[EventCountry "ESP"]
[SourceTitle "playchess.com"]
[Source "ChessBase"]
[SourceQuality "1"]
[TimeControl "40/5400+30:1800+30"]

1. e4 {[%emt 0:00:00]} e6 {[%emt 0:00:18]} 2. d4 {[%emt 0:00:00]} d5 {[%emt 0:00:06]} 3. Nd2 {[%emt 0:00:04]} c5 {[%emt 0:00:12]} 4. Ngf3 {[%emt 0:00:58]} cxd4 {[%emt 0:03:50]} 5. Nxd4 {[%emt 0:00:28]} Nf6 {[%emt 0:01:37]} 6. exd5 {[%emt 0:03:29]} Qxd5 {[%emt 0:05:24]} 7. Nb5 {[%emt 0:03:53]} Qc6 {[%emt 0:18:55]} 8. Nc4 {[%emt 0:10:23]} Bc5 {[%emt 0:19:52]} 9. Nbd6+ {[%emt 0:00:30]} Ke7 {[%emt 0:01:06]} 10. Bf4 {[%emt 0:36:37]} Rd8 {[%emt 0:19:58]} 11. Nxc8+ {[%emt 0:19:17]} Qxc8 {[%emt 0:00:40]} 12. Bd3 {[%emt 0:02:06]} Nc6 {[%emt 0:00:11]} 13. O-O {[%emt 0:01:04]} Nb4 {[%emt 0:00:24]} 14. Ne5 {[%emt 0:01:22]} Bd4 {[%emt 0:04:56]} 15. Qd2 {[%emt 0:02:47]} Nxd3 {[%emt 0:04:22]} 16. Nxd3 {[%emt 0:00:07]} Qc4 {[%emt 0:00:50]} 17. Qa5 {[%emt 0:03:39]} Kf8 {[%emt 0:02:11]} 18. Be5 {[%emt 0:06:05]} Kg8 {[%emt 0:03:32]} 19. Bxd4 {[%emt 0:02:30]} Rxd4 {[%emt 0:00:22]} 20. Rac1 {[%emt 0:01:10]} b6 {[%emt 0:02:45]} 21. Qa3 {[%emt 0:00:04]} a5 {[%emt 0:02:59]} 22. Ne5 {[%emt 0:00:23]} Qc7 {[%emt 0:00:52]} 23. Nf3 {[%emt 0:00:33]} Rc4 {[%emt 0:00:36]} 24. c3 {[%emt 0:01:08]} Rc8 {[%emt 0:00:31]} 25. Rcd1 {[%emt 0:00:10]} b5 {[%emt 0:00:56]} 26. Qd6 {[%emt 0:02:33]} Nd5 {[%emt 0:00:36]} 27. Qxc7 {[%emt 0:00:42]} R4xc7 {[%emt 0:00:22]} 28. Nd4 {[%emt 0:00:47]} b4 {[%emt 0:00:25]} 29. Nb5 {[%emt 0:00:30]} Rd7 {[%emt 0:03:21]} 30. cxb4 {[%emt 0:01:04]} axb4 {[%emt 0:00:09]} 31. Rc1 {[%emt 0:00:12]} Rdd8 {[%emt 0:00:22]} 32. a3 {[%emt 0:00:34]} bxa3 {[%emt 0:01:02]} 33. Nxa3 {[%emt 0:00:33]} Rb8 {[%emt 0:00:10]} 34. Nc4 {[%emt 0:00:30]} Nf4 {[%emt 0:00:17]} 35. Rc2 {[%emt 0:00:17]} h5 {[%emt 0:00:36]} 36. g3 {[%emt 0:00:10]} Nd5 {[%emt 0:00:20]} 37. Ne5 {[%emt 0:00:40]} Rb6 {[%emt 0:00:40]} 38. Nc6 {[%emt 0:00:15]} Rc8 {[%emt 0:00:23]} 39. Rfc1 {[%emt 0:00:12]} Kh7 {[%emt 0:00:27]} 40. Nd4 {[%emt 0:00:54]} Rxc2 {[%emt 0:00:07]} 41. Rxc2 {[%emt 0:30:00]} Rb4 {[%emt 0:30:18]} 42. Nc6 {[%emt 0:00:13]} Rb6 {[%emt 0:00:35]} 43. Ne5 {[%emt 0:00:20]} Rb7 {[%emt 0:00:19]} 44. Kg2 {[%emt 0:00:59]} g5 {[%emt 0:00:17]} 45. Nd3 {[%emt 0:01:09]} Rb3 {[%emt 0:00:34]} 46. Nc5 {[%emt 0:00:09]} Rb5 {[%emt 0:00:30]} 47. Nd3 {[%emt 0:00:30]} Kg7 {[%emt 0:00:05]} 48. b4 {[%emt 0:01:20]} Kf6 {[%emt 0:00:29]} 49. Ra2 {[%emt 0:00:21]} Rb6 {[%emt 0:00:20]} 50. Rb2 {[%emt 0:00:21]} Kf5 {[%emt 0:00:09]} 51. Kf3 {[%emt 0:00:44]} e5 {[%emt 0:00:17]} 52. Re2 {[%emt 0:00:43]} e4+ {[%emt 0:00:20]} 0-1

[Event "ESP-chT Div I 2018"]
[Site "Linares"]
[Date "2018.08.10"]
[Round "5"]
[White "Vazquez Torres, Adrian"]
[Black "Martin Duque, Jesus"]
[Result "1/2-1/2"]
[WhiteElo "2174"]
[BlackElo "2378"]
[Annotator "TA"]
[PlyCount "218"]
[EventDate "2018.08.06"]
[EventType "team-tourn"]
[EventCountry "ESP"]
[SourceTitle "playchess.com"]
[Source "ChessBase"]
[SourceQuality "1"]

{[%evp 15,218,0,16,0,0,-15,0,0,0,0,0,0,3,-8,-13,-13,23,0,7,18,9,-31,27,31,36,43,23,35,57,14,37,34,31,28,38,26,25,16,22,9,8,0,0,0,0,0,89,75,96,80,142,142,150,143,162,152,191,179,241,236,380,382,381,368,417,284,277,248,256,196,228,220,220,234,237,227,236,227,237,206,291,247,256,240,287,277,255,201,384,318,462,169,160,158,339,7,10,7,7,7,7,0,22,22,30,0,0,0,0,0,7,0,10,0,22,22,24,24,50,10,16,7,32,0,22,13,14,8,8,0,25,0,0,0,0,0,0,0,0,0,0,0,0,0,0,0,0,0,0,0,0,0,0,0,0,0,0,0,0,0,0,0,0,0,0,0,0,0,0,0,0,0,0,0,0,0,0,0,0,0,0,0,0,0,0,0,0,0,0,0,0,0,0,0,0,0,0,0,0,0,0,0,0,0,0]} 1. c4 e6 2. Nf3 Nf6 3. d4 d5 4. Nc3 c6 5. e3 Nbd7 6. Qc2 Bd6 7. b3 O-O 8. Bb2 b6 {LiveBook: 98 Games} 9. h3 {D45: Semi-Slav: 5 e3} (9. Bd3 Bb7 10. O-O Rc8 11. Qe2 Re8 12. Rfd1 Qe7 13. cxd5 exd5 14. Rac1 Rcd8 15. Bf5 Bb8 16. Bh3 g6 17. g3 Nh5 18. Ne1 {½-½ (30) Fedoseev,V (2664)-Wen,Y (2609) Moscow 2016}) 9... Bb7 10. Be2 Qe7 11. O-O Rac8 12. Rfd1 c5 13. dxc5 bxc5 $146 ({Predecessor:} 13... Nxc5 14. Ng5 g6 15. a4 Rfd8 16. a5 bxa5 17. Rxa5 dxc4 18. bxc4 Bh2+ 19. Kf1 {½-½ (36) Vodicka,M (1950)-Thurrott,A (2021) LSS email 2012}) 14. cxd5 exd5 15. Qf5 Qe6 16. Bd3 Rfd8 17. Nb5 $36 {[%mdl 2048] Hoping for Qxe6. White has good play.} Bb8 18. Ng5 Qxf5 ({Black should play} 18... Qc6 $1 $15 19. Nf3 (19. Nxh7 d4 $15) 19... a6) 19. Bxf5 $11 a6 20. Na3 Rc6 21. Nf3 g6 22. Bd3 (22. Bxd7 $5 Rxd7 23. Ne5 Bxe5 24. Bxe5 $14) 22... Rcc8 23. Rac1 Ne8 24. Bf1 Ng7 25. Nc2 {[%cal Ba3c2,Bc2d4,Bd4e2,Be2c3,Bc3b5][%mdl 32]} Ne6 26. b4 {[%cal Bb3b4,Bb4a5,Ba5a6][%mdl 32]} c4 27. Ncd4 Nb6 28. Ne2 Bd6 29. Bf6 Re8 30. a3 a5 (30... Nc7 $11) 31. bxa5 $16 Nd7 32. Bb2 Ndc5 {[#]} (32... Red8 $142) 33. Nc3 $1 {[%cal Rc3d5]} Nb3 34. Rc2 ({Weaker is} 34. Nxd5 Bxd5 35. Rxd5 Nxc1 $15) 34... Rc5 {[#]} 35. a6 $1 {[%cal Ra6b7][%mdl 512]} Ba8 {[#]} (35... Bxa6 36. Nxd5) 36. a4 $1 Bc7 (36... Bf8 {was worth a try.} 37. Nb5 Nc7) 37. Nb5 $18 Bd8 (37... Bc6 $142 38. e4 dxe4) 38. Ne5 Nc7 39. Nd6 Rf8 40. Nb7 Nxa6 41. Nxc5 Naxc5 42. Ng4 {[%cal Rg4h6]} h5 43. Nf6+ Bxf6 44. Bxf6 Nxa4 45. g4 Nac5 46. f3 Re8 47. Kf2 Re6 (47... Bc6 {was called for.} 48. gxh5 gxh5) 48. Bc3 {Threatens to win with Bxc4!} Bc6 {[#]} 49. e4 $1 {[%mdl 512]} Nd3+ (49... dxe4 50. Bxc4) 50. Bxd3 cxd3 51. Rxd3 dxe4 $2 (51... Nc5) 52. Rd8+ Be8 (52... Re8 $142) 53. fxe4 $2 (53. Rb2 e3+ 54. Ke1) 53... Nc5 54. e5 hxg4 $2 (54... Ne4+ $16 55. Kf3 Nxc3) 55. hxg4 $2 ({Better is} 55. Bb2 $18 Ne4+ 56. Ke3) 55... Ne4+ $1 $11 56. Kf3 Nxc3 57. Rxc3 Rxe5 {[%mdl 4096] Endgame KRR-KRB} 58. Kf4 Re1 (58... f6 {with more complications.} 59. Rc7 g5+ 60. Kg3 Re3+ 61. Kg2 Re2+) 59. Rcc8 Kf8 60. Kg5 Re5+ 61. Kh6 Re1 62. Ra8 Re2 63. Rdb8 {aiming for Kg5.} Re1 (63... f6 {feels hotter.} 64. Rxe8+ Rxe8 65. Rxe8+ Kxe8 66. Kxg6) 64. Ra7 Re4 65. Kg5 Re5+ 66. Kf4 Re1 67. Raa8 Rf1+ 68. Kg5 Re1 69. Kf4 {And now g5 would win.} Rf1+ 70. Ke3 (70. Kg3 {keeps more tension.} Re1 71. Ra5 Re6 72. Rb7 f6 73. Ra2) 70... Re1+ 71. Kf2 Re5 72. Ra3 Re4 73. Re3 Rxe3 {The position is equal.} 74. Kxe3 {Strongly threatening g5. KR-KB} f6 75. Rb7 Bf7 76. Kd4 Be6 77. g5 fxg5 78. Ke5 Bf5 79. Kf6 {Intending Rb8+ and mate.} Ke8 80. Kxg5 Kd8 81. Kf6 Kc8 82. Rg7 Kd8 83. Ra7 Ke8 84. Ke5 Kd8 85. Rb7 Ke8 86. Kf6 Kd8 87. Re7 Kc8 88. Ke5 Bg4 89. Kd6 Bf5 90. Rf7 Be4 91. Rf4 Bf5 (91... Bd3 {looks sharper.} 92. Ra4 Bf5 93. Ra2 Kb7 94. Rh2 Kb8) 92. Rb4 $1 Bh3 93. Rc4+ Kb7 94. Rb4+ Kc8 95. Rh4 Bf5 96. Rh7 Bd3 97. Kc6 {[%cal Rh7h8]} Be4+ 98. Kd6 Bd3 99. Re7 Bf5 100. Rf7 Bd3 101. Rg7 Bf5 102. Re7 Kd8 103. Re3 Kc8 104. Rb3 Be4 105. Rb2 Bf5 106. Rb4 Bh3 107. Kc6 Bd7+ 108. Kd5 Bf5 109. Kd6 Bh3 {Precision: White = 53%, Black = 54%.} 1/2-1/2

[Event "ESP-chT Div I 2018"]
[Site "Linares"]
[Date "2018.08.10"]
[Round "5"]
[White "Gonzalez Laso, Adrian"]
[Black "Gonzalez Guedes, Iyan"]
[Result "1/2-1/2"]
[WhiteElo "2168"]
[BlackElo "1925"]
[Annotator "NA"]
[PlyCount "110"]
[EventDate "2018.08.06"]
[EventType "team-tourn"]
[EventCountry "ESP"]
[SourceTitle "playchess.com"]
[Source "ChessBase"]
[SourceQuality "1"]
[TimeControl "40/5400+30:1800+30"]

1. e4 c5 {[%emt 0:00:00]} 2. Nc3 {[%emt 0:00:00]} Nc6 {[%emt 0:00:00]} 3. g3 {[%emt 0:00:06]} g6 {[%emt 0:00:00]} 4. Bg2 {[%emt 0:00:08]} Bg7 {[%emt 0:00:00]} 5. d3 {[%emt 0:00:12]} e6 {[%emt 0:00:00]} 6. Be3 {[%emt 0:00:29]} Nd4 {[%emt 0:00:31]} 7. Qd2 {[%emt 0:01:19]} Ne7 {[%emt 0:00:21]} 8. Nd1 {[%emt 0:01:00]} d6 {[%emt 0:00:41]} 9. c3 {[%emt 0:00:09]} Ndc6 {[%emt 0:00:10]} 10. f4 {[%emt 0:01:01]} O-O {[%emt 0:04:36]} 11. Nf3 {[%emt 0:00:06]} b6 {[%emt 0:04:25]} 12. O-O {[%emt 0:03:11]} d5 {[%emt 0:01:38]} 13. e5 {[%emt 0:04:42]} Ba6 {[%emt 0:07:33]} 14. Re1 {[%emt 0:04:56]} f6 {[%emt 0:04:40]} 15. exf6 {[%emt 0:02:41]} Bxf6 {[%emt 0:00:11]} 16. Bf2 {[%emt 0:00:33]} Qd6 {[%emt 0:01:12]} 17. d4 {[%emt 0:02:41]} cxd4 {[%emt 0:12:29]} 18. Nxd4 {[%emt 0:08:27]} Nxd4 {[%emt 0:01:45]} 19. Bxd4 {[%emt 0:00:32]} Bxd4+ {[%emt 0:01:36]} 20. Qxd4 {[%emt 0:00:35]} Nc6 {[%emt 0:04:05]} 21. Qd2 {[%emt 0:05:52]} Rad8 {[%emt 0:05:11]} 22. Nf2 {[%emt 0:03:21]} e5 {[%emt 0:04:12]} 23. Rad1 {[%emt 0:08:07]} d4 {[%emt 0:08:21]} 24. fxe5 {[%emt 0:24:15]} Qc5 {[%emt 0:13:47]} 25. b4 {[%emt 0:12:33]} dxc3 {[%emt 0:04:29]} 26. Bd5+ {[%emt 0:00:23]} Kh8 {[%emt 0:03:32]} 27. bxc5 {[%emt 0:00:06]} cxd2 {[%emt 0:00:04]} 28. Rxd2 {[%emt 0:00:06]} Bc4 {[%emt 0:02:15]} 29. Red1 {[%emt 0:00:48]} Nxe5 {[%emt 0:00:41]} 30. cxb6 {[%emt 0:03:18]} axb6 {[%emt 0:00:48]} 31. Kg2 {[%emt 0:01:18]} Bxd5+ {[%emt 0:00:38]} 32. Rxd5 {[%emt 0:00:07]} Rxd5 {[%emt 0:00:01]} 33. Rxd5 {[%emt 0:00:09]} Nc4 {[%emt 0:00:16]} 34. Rd7 {[%emt 0:02:33]} Kg8 {[%emt 0:05:37]} 35. Ne4 {[%emt 0:00:39]} Rf7 {[%emt 0:01:43]} 36. Rd4 {[%emt 0:01:57]} Ne3+ {[%emt 0:00:51]} 37. Kh3 {[%emt 0:00:09]} Ra7 {[%emt 0:03:32]} 38. a4 {[%emt 0:00:33]} Ra5 {[%emt 0:00:44]} 39. g4 {[%emt 0:00:26]} h5 {[%emt 0:00:43]} 40. g5 {[%emt 0:00:19]} Nf5 {[%emt 0:01:47]} 41. Rb4 {[%emt 0:31:20]} Ne7 {[%emt 0:31:07]} 42. Kg3 {[%emt 0:01:34]} Kf7 {[%emt 0:00:47]} 43. h4 {[%emt 0:00:18]} Nf5+ {[%emt 0:01:15]} 44. Kh3 {[%emt 0:00:23]} Ne7 {[%emt 0:00:45]} 45. Nd6+ {[%emt 0:05:05]} Kg7 {[%emt 0:01:59]} 46. Nb5 {[%emt 0:00:15]} Ra8 {[%emt 0:00:57]} 47. Kg3 {[%emt 0:00:17]} Rc8 {[%emt 0:00:23]} 48. Kf3 {[%emt 0:01:30]} Nc6 {[%emt 0:00:41]} 49. Rb1 {[%emt 0:00:44]} Na5 {[%emt 0:00:36]} 50. Nd6 {[%emt 0:00:43]} Rc3+ {[%emt 0:00:11]} 51. Ke4 {[%emt 0:02:37]} Rh3 {[%emt 0:00:34]} 52. Rxb6 {[%emt 0:00:07]} Rxh4+ {[%emt 0:00:05]} 53. Kd5 {[%emt 0:00:05]} Rxa4 {[%emt 0:00:26]} 54. Ne8+ {[%emt 0:01:16]} Kf7 {[%emt 0:00:16]} 55. Nd6+ {[%emt 0:00:06]} Kg7 {[%emt 0:00:02] Ke4} 1/2-1/2

[Event "ESP-chT Div I 2018"]
[Site "Linares"]
[Date "2018.08.10"]
[Round "5"]
[White "Garcia Molina, Jose"]
[Black "Martin Capitan, Feliciano"]
[Result "1-0"]
[WhiteElo "1969"]
[BlackElo "2066"]
[Annotator "NA"]
[PlyCount "67"]
[EventDate "2018.08.06"]
[EventType "team-tourn"]
[EventCountry "ESP"]
[SourceTitle "playchess.com"]
[Source "ChessBase"]
[SourceQuality "1"]
[TimeControl "40/5400+30:1800+30"]

1. d4 {[%emt 0:00:00]} d5 {[%emt 0:00:00]} 2. c4 {[%emt 0:00:00]} e6 {[%emt 0:00:23]} 3. Nc3 {[%emt 0:00:00]} c6 {[%emt 0:00:48]} 4. Nf3 {[%emt 0:00:10]} f5 {[%emt 0:00:39]} 5. Qc2 {[%emt 0:02:24]} Nf6 {[%emt 0:01:10]} 6. e3 {[%emt 0:00:55]} Bd6 {[%emt 0:01:26]} 7. Bd3 {[%emt 0:02:43]} O-O {[%emt 0:02:14]} 8. Bd2 {[%emt 0:10:51]} Ne4 {[%emt 0:03:35]} 9. h4 {[%emt 0:03:41]} Nd7 {[%emt 0:05:58]} 10. Rf1 {[%emt 0:15:53]} Ndf6 {[%emt 0:06:00]} 11. O-O-O {[%emt 0:06:06]} Ng4 {[%emt 0:05:06]} 12. Be1 {[%emt 0:01:36]} Bd7 {[%emt 0:04:57]} 13. Bxe4 {[%emt 0:09:50]} fxe4 {[%emt 0:01:46]} 14. Nd2 {[%emt 0:02:53]} Qe7 {[%emt 0:06:11]} 15. Qb3 {[%emt 0:02:22]} Be8 {[%emt 0:08:50]} 16. c5 {[%emt 0:12:25]} Bb8 {[%emt 0:02:10]} 17. Ne2 {[%emt 0:00:39]} Kh8 {[%emt 0:03:06]} 18. f3 {[%emt 0:00:20]} Nh2 {[%emt 0:03:41]} 19. Rf2 {[%emt 0:05:08]} e5 {[%emt 0:12:27]} 20. fxe4 {[%emt 0:03:17]} Rxf2 {[%emt 0:03:29]} 21. Bxf2 {[%emt 0:00:26]} exd4 {[%emt 0:01:40]} 22. exd4 {[%emt 0:02:22]} Ng4 {[%emt 0:01:52]} 23. Bg1 {[%emt 0:01:04]} dxe4 {[%emt 0:02:03]} 24. Rf1 {[%emt 0:03:19]} e3 {[%emt 0:02:50]} 25. Bxe3 {[%emt 0:00:57]} Nf6 {[%emt 0:01:49]} 26. Bg5 {[%emt 0:07:40]} Bh5 {[%emt 0:10:21]} 27. Nf4 {[%emt 0:03:04]} Bxf4 {[%emt 0:00:52]} 28. Bxf4 {[%emt 0:00:04]} Nd5 {[%emt 0:01:51]} 29. Be5 {[%emt 0:00:31]} b6 {[%emt 0:02:01]} 30. Bd6 {[%emt 0:03:04]} Qxh4 {[%emt 0:00:43]} 31. Qa4 {[%emt 0:00:41]} b5 {[%emt 0:00:58]} 32. Qxa7 {[%emt 0:00:24]} Rg8 {[%emt 0:00:17]} 33. Be5 {[%emt 0:00:20]} Ne3 {[%emt 0:00:51]} 34. Qxg7+ {[%emt 0:00:06]} 1-0

[Event "ESP-chT Div I 2018"]
[Site "Linares"]
[Date "2018.08.10"]
[Round "5"]
[White "Badillo Ramos, Steve"]
[Black "Gonzalez Merino, Alberto"]
[Result "0-1"]
[WhiteElo "1901"]
[BlackElo "2199"]
[Annotator "NA"]
[PlyCount "130"]
[EventDate "2018.08.06"]
[EventType "team-tourn"]
[EventCountry "ESP"]
[SourceTitle "playchess.com"]
[Source "ChessBase"]
[SourceQuality "1"]
[TimeControl "40/5400+30:1800+30"]

1. e4 {[%emt 0:03:26]} e6 {[%emt 0:00:00]} 2. d4 {[%emt 0:00:29]} d5 {[%emt 0:00:00]} 3. Nd2 {[%emt 0:00:16]} Nf6 {[%emt 0:01:01]} 4. e5 {[%emt 0:00:06]} Nfd7 {[%emt 0:00:12]} 5. Bd3 {[%emt 0:00:09]} c5 {[%emt 0:00:41]} 6. c3 {[%emt 0:00:06]} Nc6 {[%emt 0:00:35]} 7. Ne2 {[%emt 0:01:42]} Qb6 {[%emt 0:01:27]} 8. Nf3 {[%emt 0:00:13]} cxd4 {[%emt 0:02:29]} 9. cxd4 {[%emt 0:00:07]} f6 {[%emt 0:00:18]} 10. exf6 {[%emt 0:00:05]} Nxf6 {[%emt 0:00:04]} 11. O-O {[%emt 0:00:09]} Bd6 {[%emt 0:05:58]} 12. Bf4 {[%emt 0:00:08]} Qc7 {[%emt 0:16:39]} 13. Bxd6 {[%emt 0:04:30]} Qxd6 {[%emt 0:00:02]} 14. Qd2 {[%emt 0:00:31]} O-O {[%emt 0:02:06]} 15. Qf4 {[%emt 0:03:13]} Qxf4 {[%emt 0:10:17]} 16. Nxf4 {[%emt 0:00:02]} Ne4 {[%emt 0:02:15]} 17. Ne2 {[%emt 0:01:43]} Nd6 {[%emt 0:02:48]} 18. Rac1 {[%emt 0:00:58]} Bd7 {[%emt 0:02:16]} 19. Ne5 {[%emt 0:03:13]} Be8 {[%emt 0:03:01]} 20. Rfe1 {[%emt 0:02:32]} g5 {[%emt 0:11:03]} 21. g3 {[%emt 0:14:29]} Nf5 {[%emt 0:01:36]} 22. Bxf5 {[%emt 0:02:47]} Rxf5 {[%emt 0:01:45]} 23. f4 {[%emt 0:03:05]} gxf4 {[%emt 0:01:17]} 24. Nxc6 {[%emt 0:00:56]} Bxc6 {[%emt 0:04:09]} 25. Nxf4 {[%emt 0:00:06]} Kf7 {[%emt 0:02:00]} 26. Nxe6 {[%emt 0:00:59]} Rg8 {[%emt 0:00:47]} 27. Nc5 {[%emt 0:01:23]} Kf6 {[%emt 0:01:22]} 28. Re6+ {[%emt 0:00:43]} Kg5 {[%emt 0:01:08]} 29. Nd3 {[%emt 0:00:45]} Rf6 {[%emt 0:15:06]} 30. Rxf6 {[%emt 0:03:28]} Kxf6 {[%emt 0:00:02]} 31. Ne5 {[%emt 0:00:08]} Kf5 {[%emt 0:06:43]} 32. Nxc6 {[%emt 0:04:49]} bxc6 {[%emt 0:00:01]} 33. Rxc6 {[%emt 0:00:07]} Ke4 {[%emt 0:00:01]} 34. Rc7 {[%emt 0:00:21]} Kxd4 {[%emt 0:00:57]} 35. Rxh7 {[%emt 0:00:11]} Kd3 {[%emt 0:02:01]} 36. Rxa7 {[%emt 0:00:20]} d4 {[%emt 0:00:18]} 37. Rd7 {[%emt 0:02:05]} Ke3 {[%emt 0:02:02]} 38. Kf1 {[%emt 0:03:26]} Rc8 {[%emt 0:00:01]} 39. h4 {[%emt 0:02:03]} d3 {[%emt 0:00:42]} 40. Re7+ {[%emt 0:01:27]} Kd2 {[%emt 0:00:17]} 41. Kg2 {[%emt 0:36:50]} Rd8 {[%emt 0:34:00]} 42. g4 {[%emt 0:02:39]} Kd1 {[%emt 0:00:33]} 43. Rf7 {[%emt 0:00:46]} Ke2 {[%emt 0:00:39]} 44. Re7+ {[%emt 0:00:45]} Kd1 {[%emt 0:00:02]} 45. Rf7 {[%emt 0:27:29]} Ke2 {[%emt 0:00:01]} 46. Re7+ {[%emt 0:02:29]} Kd1 {[%emt 0:00:01]} 47. Rf7 {[%emt 0:04:24]} Rd4 {[%emt 0:00:59]} 48. Rf1+ {[%emt 0:00:17]} Ke2 {[%emt 0:00:08]} 49. Rf2+ {[%emt 0:00:12]} Ke3 {[%emt 0:00:09]} 50. Rf3+ {[%emt 0:00:17]} Ke2 {[%emt 0:00:57]} 51. Rf2+ {[%emt 0:00:04]} Ke3 {[%emt 0:00:03]} 52. Rf3+ {[%emt 0:00:07]} Ke4 {[%emt 0:00:11]} 53. Rf1 {[%emt 0:00:14]} d2 {[%emt 0:00:10]} 54. Rd1 {[%emt 0:00:03]} Ke3 {[%emt 0:00:26]} 55. Kg3 {[%emt 0:00:21]} Rd3 {[%emt 0:00:19]} 56. Rxd2 Rxd2 {[%emt 0:00:09]} 57. g5 {[%emt 0:01:01]} Ke4 {[%emt 0:00:15]} 58. Kg4 {[%emt 0:00:04]} Rg2+ {[%emt 0:00:29]} 59. Kh5 {[%emt 0:00:04]} Kf5 {[%emt 0:00:04]} 60. Kh6 {[%emt 0:00:51]} Rg4 {[%emt 0:01:19]} 61. h5 {[%emt 0:00:26]} Rxg5 {[%emt 0:00:08]} 62. b4 {[%emt 0:00:23]} Kf6 {[%emt 0:00:48]} 63. a4 {[%emt 0:00:21]} Rg4 {[%emt 0:00:07]} 64. Kh7 {[%emt 0:02:59]} Rxb4 {[%emt 0:01:12]} 65. h6 {[%emt 0:00:11]} Rb7+ {[%emt 0:00:23]} 0-1

[Event "ESP-chT Div I 2018"]
[Site "Linares"]
[Date "2018.08.10"]
[Round "5"]
[White "Bermudez Revuelta, Paula"]
[Black "Prado Acebo, Ines"]
[Result "0-1"]
[WhiteElo "1887"]
[BlackElo "2084"]
[Annotator "NA"]
[PlyCount "62"]
[EventDate "2018.08.06"]
[EventType "team-tourn"]
[EventCountry "ESP"]
[SourceTitle "playchess.com"]
[Source "ChessBase"]
[SourceQuality "1"]
[TimeControl "40/5400+30:1800+30"]

1. e4 {[%emt 0:00:00]} e6 {[%emt 0:00:00]} 2. d4 {[%emt 0:00:00]} d5 {[%emt 0:00:00]} 3. Nd2 {[%emt 0:00:00]} Be7 {[%emt 0:00:00]} 4. Ngf3 {[%emt 0:00:00]} Nf6 {[%emt 0:00:12]} 5. e5 {[%emt 0:00:00]} Nfd7 {[%emt 0:00:05]} 6. c4 {[%emt 0:00:00]} dxc4 {[%emt 0:06:06]} 7. Nxc4 {[%emt 0:00:00]} Nb6 {[%emt 0:14:00]} 8. Nxb6 {[%emt 0:07:52]} axb6 {[%emt 0:00:07]} 9. a3 {[%emt 0:00:50]} Qd5 {[%emt 0:07:54]} 10. Bd3 {[%emt 0:03:50]} Bd7 {[%emt 0:05:23]} 11. Qc2 {[%emt 0:06:04]} Nc6 {[%emt 0:06:11]} 12. Bc4 {[%emt 0:29:58]} Nxd4 {[%emt 0:03:44]} 13. Nxd4 {[%emt 0:02:39]} Qxd4 {[%emt 0:00:23]} 14. Qc3 {[%emt 0:09:07]} Qe4+ {[%emt 0:03:21]} 15. Kf1 {[%emt 0:01:03]} b5 {[%emt 0:05:13]} 16. Be2 {[%emt 0:02:06]} c5 {[%emt 0:19:01]} 17. Bf3 {[%emt 0:03:39]} Qa4 {[%emt 0:01:58]} 18. Be3 {[%emt 0:06:49]} b4 {[%emt 0:01:01]} 19. Qc1 {[%emt 0:03:15]} O-O {[%emt 0:02:54]} 20. g3 {[%emt 0:02:39]} b3 {[%emt 0:05:16]} 21. Kg1 {[%emt 0:05:51]} Qb5 {[%emt 0:01:09]} 22. Qc3 {[%emt 0:05:05]} Rfc8 {[%emt 0:00:56]} 23. a4 {[%emt 0:05:11]} Rxa4 {[%emt 0:03:33]} 24. Rxa4 {[%emt 0:00:02]} Qxa4 {[%emt 0:00:03]} 25. Bxb7 {[%emt 0:00:15]} Rc7 {[%emt 0:01:28]} 26. Bf3 {[%emt 0:00:17]} c4 {[%emt 0:00:35]} 27. Bb6 {[%emt 0:01:26]} Rc8 {[%emt 0:00:21]} 28. Qa5 {[%emt 0:02:28]} c3 {[%emt 0:07:18]} 29. bxc3 {[%emt 0:02:21]} b2 {[%emt 0:03:23]} 30. Qxa4 {[%emt 0:00:45]} Bxa4 {[%emt 0:00:02]} 31. Kg2 {[%emt 0:00:01]} Bc2 {[%emt 0:00:47]} 0-1

[Event "ESP-chT Div I 2018"]
[Site "Linares"]
[Date "2018.08.11"]
[Round "6"]
[White "Naiditsch, Arkadij"]
[Black "Alsina Leal, Daniel"]
[Result "1-0"]
[WhiteElo "2711"]
[BlackElo "2480"]
[Annotator "TA"]
[PlyCount "55"]
[EventDate "2018.08.06"]
[EventType "team-tourn"]
[EventCountry "ESP"]
[SourceTitle "playchess.com"]
[Source "ChessBase"]
[SourceQuality "1"]

{[%evp 17,55,14,12,14,13,0,0,0,0,-12,0,0,-16,-5,0,-1,-21,-34,5,-31,-26,-11,278,269,273,272,268,270,208,87,935,919,1208,1192,1167,1060,29997,29989,29997,29998]} 1. d4 d5 2. Nf3 Nf6 3. e3 e6 4. b3 b6 5. Bb2 Bb7 6. Bd3 Bd6 7. O-O O-O 8. Nbd2 {D05: Colle System with ...e6} c5 9. c4 (9. dxc5 Bxc5 10. Qe2 Nbd7 11. c4 Qe7 12. a3 e5 13. Bf5 e4 14. Nd4 Ne5 15. Bh3 g6 16. b4 Bd6 17. Nb5 Bb8 18. cxd5 Bxd5 19. Bd4 {0-1 (46) Dominguez Perez,L (2739)-So,W (2788) Saint Louis 2017}) 9... Nc6 {[%cal Bb8c6,Bc6b4,Bb4a2,Ba2c3][%mdl 32] LiveBook: 14 Games} 10. dxc5 {The position is equal.} bxc5 11. cxd5 exd5 12. Re1 $146 ({Predecessor:} 12. Rc1 Re8 13. Bb1 {1-0 (34) Orso,M (2380)-Rosta,S (2270) Hungary 1995}) 12... Re8 13. e4 {aiming for e5.} Nb4 14. Bb5 {Threatens to win with e5.} dxe4 15. Ng5 Re5 16. Bxe5 Bxe5 17. Rb1 {Black must now prevent Bc4.} (17. Ndxe4 $2 Bxa1 18. Qxa1 Nxe4 $19) 17... Nxa2 {Strongly threatening ...Nc3.} 18. Bc4 Nc3 19. Nxf7 ({Don't play} 19. Bxf7+ Kh8 $17) 19... Qe7 $2 {[%mdl 8192]} (19... Bxh2+ $1 $11 {and Black stays safe.} 20. Kh1 (20. Kxh2 $2 Qb8+ 21. Kg1 Nxd1 $19) 20... Qd4) 20. Nxe5+ $18 Kf8 21. Qc1 $1 {[%cal Rc1c3]} Nxb1 22. Ndf3 $1 (22. Qxb1 Qxe5 23. Nf1 Bd5 $11) 22... exf3 {[#]} 23. Qxb1 (23. Ng6+ $1 $18 {[%mdl 512]} hxg6 24. Rxe7 Kxe7 25. Qe1+ (25. Qxb1 Rd8 $18) 25... Kd6 26. Qxb1) 23... Qe8 $2 {[%mdl 8192]} (23... Qd6 $16) 24. Qf5 {White threatens Nd7+! and mate.} Rc8 25. g4 {[%cal Bg2g4,Bg4g5][%mdl 32]} Rc7 26. g5 Qh5 27. Qf4 Qh3 {[#]} 28. Ng6+ $1 {[%mdl 512] Precision: White = 91%, Black = 27%.} 1-0